000 00632nam a2200229Ia 4500
003 OSt
005 20220928121147.0
006 a|||||r|||| 00| 0
007 ta
008 220927b |||||||| |||| 00| 0 eng d
024 _a48392
037 _cTextual
040 _aSDCL
_cSDCL
_beng
041 _2eng
_aeng
082 _aV73y7No1, L1
100 _aBowles Chester
_9374195
245 0 _aPromises to keep
_b My years in public life ,1941-1969
260 _aBobay
_bB I Publications
_c1971
300 _axii,657p
_ccm.
942 _hV73y7No1, L1
_cTEXL
_2CC
999 _c765648
_d765648